Obálka Náhled e-knihy:
PDF Epub
Pro půjčování e-knih musíte být přihlášeni.
Jak si půjčit online?

Anna R. : osudy chalupy čp. 5 /

Příběh mladé válečné vdovy, která se po smrti manžela ve Velké válce musí postarat o velké zemědělské hospodářství.

Uloženo v:
Hlavní autor: Poncarová, Jana, 1983- (Autor)
Médium: E-kniha
Jazyk:Czech
Vydáno: V Praze : Motto, 2025
Vydání:1. vydání
Témata:
Tagy:
Žádné tagy
LEADER 02291nam a2200433 i 4500
001 312829
003 CZ PrSKC
005 20260601215729.0
007 ta
008 251003s2025 xr g 000 f cze
015 |a cnb003711104 
020 |a 9788026729471  |q (vázáno) 
035 |a (OCoLC)1549632486 
040 |a ABG001  |b cze  |e rda 
072 7 |a 821.162.3-3  |x Česká próza  |2 Konspekt 
080 |a 821.162.3-31  |2 MRF 
080 |a (0:82-311.6)  |2 MRF 
080 |a (0:82-31)-055.2  |2 MRF 
100 1 |a Poncarová, Jana,  |d 1983-  |7 xx0228679  |4 aut 
245 1 0 |a Anna R. :  |b osudy chalupy čp. 5 /  |c Jana Poncarová 
250 |a 1. vydání 
264 1 |a V Praze :  |b Motto,  |c 2025 
300 |a 251 stran ;  |c 22 cm 
336 |a text  |b txt  |2 rdacontent 
337 |a bez média  |b n  |2 rdamedia 
338 |a svazek  |b nc  |2 rdacarrier 
520 2 |a Příběh mladé válečné vdovy, která se po smrti manžela ve Velké válce musí postarat o velké zemědělské hospodářství.  |b Když muži vymění úrodná pole za válečná, z hospodyň a matek se stávají hospodáři. František Reindl, majitel rozlehlého hospodářství, odchází do války, jejíž smysl je mu cizí. Břemeno správy statku spočine na ramenou jeho ženy Anny, která musí čelit nejen osamění, ale i zlobě lidí. Kvůli svým dvěma malým dětem snáší nekonečnou dřinu i četná příkoří. Oporou jí jsou Františkovy dopisy a naděje, že jednoho dne boje skončí. Nakladatelská anotace. Kráceno. 
655 7 |a české romány  |7 fd133974  |2 czenas 
655 7 |a historické romány  |7 fd132414  |2 czenas 
655 7 |a romány pro ženy  |7 fd187897  |2 czenas 
655 9 |a Czech fiction  |2 eczenas 
655 9 |a historical novels  |2 eczenas 
655 9 |a women's novels  |2 eczenas 
900 |a ABA001  |b 19 
928 9 |a Albatros Media - Motto 
044 |a xr 
910 |a RBIT002 
998 |d 422760  |a https://core.palmknihy.cz/api/books/422760/cover?t3g1op  |b https://core.palmknihy.cz/api/books/422760/cover/400?t3g1op  |c https://core.palmknihy.cz/api/books/422760/cover/50?t3g1op  |e 2035-12-31  |g 256  |i 9788026729471  |j https://core.palmknihy.cz/api/books/422760/preview.epub  |k https://core.palmknihy.cz/api/books/422760/preview.pdf  |l   |q 49  |r 1  |s https://www.palmknihy.cz/kniha/422760  |t ebook  |y 2025  |z 0 
999 |d 312827